000 00298nam a22001337a 4500
008 170905b xxu||||| |||| 00| 0 eng d
020 _a9780205543724
041 _aeng
080 _a070
100 _a40
101 _aMED
245 _aINTERPERSONAL COMMUNICATION
_cKNAPP.M.L
942 _2udc
_cBK
999 _c26152
_d26152